000 00700nam a2200229Ia 4500
005 20260430150729.0
008 008 250103s9999 xx 000 0 hin d
037 _aTheses
040 _aCRL
040 _bhin
040 _chin
041 _2hin
041 _ahin
084 _qCRL
100 _aसुमन, ले.
245 0 _aहरियाणवी लोकगीतों में स्त्री की सामाजिक - चेतना
260 _c2022
300 _a293पृ0
700 _aदिल्ली विश्वविद्यालय. कला संकाय. हिन्दी विभाग
942 _cTH
999 _c1850498
_d1850498